000 03772cam a22012974i 4500
003 PE-LiUPU
005 20250813185632.0
008 150706s2000 sp r 000 0 spa d
020 _a9788496612792
035 _a(Sirsi) i9788496612792
040 _aPE-LiUPU
_bspa
_cPE-LiUPU
_erda
049 _aPRUA
082 0 4 _a395.520954
_bK94
_221
100 1 _aKumar, Rajesh,
_d1954- ,
_eautor.
245 1 0 _aHacer negocios en India :
_buna guía para directivos occidentales /
_cRajesh Kumar, Anand Kumar Sethi ; [traducción, EdiDe, S.L.].
264 1 _aBarcelona :
_bGestión,
_c2000.
300 _a299 páginas ;
_c21 centímetros
336 _atext
_2rdacontent
337 _aunmediated
_2rdamedia
338 _avolume
_2rdacarrier
500 _aTraducción de: Doing business in India .
504 _aIncluye bibliografía.
505 0 _aLa India: una perspectiva histórica y comercial -- El desarrollo de la India: La India y Occidente, contrastes institucionales -- Breve historia de la industria hindú de software -- Retrato cultural: el impacto del hinduismo en el comportamiento directivo hindú -- Entender la India -- La estrategia del éxito en la India -- La estrategia del éxito en la India -- Comunicarse con los hindúes -- Gestionar las relaciones con el gobierno hindú: los restos críticos de las compañías multinacionales -- Negociar y resolver conflictos en la India.
526 _aP202
526 _aP201
526 _aP163
526 _aP162
526 _aP161
526 _aP160
526 _aP148
526 _aP147
526 _aP146
526 _aP145
526 _aP144
526 _aP143
526 _aP142
526 _aP141
526 _aP140
526 _aP139
526 _aP138
526 _aP137
526 _aP136
526 _aP135
526 _aP134
526 _aP133
526 _aP129
526 _aP128
526 _aP127
526 _aP120
526 _aP119
526 _aP118
526 _aP116
526 _aP115
526 _aP114
526 _aP110
526 _aP109
526 _aP108
526 _aP104
526 _aP103
526 _aP102
526 _aP99
526 _aP98
526 _aP97
526 _aP96
526 _aP95
526 _aP93
526 _aP90
526 _aP89
526 _aP88
526 _aP83
526 _aP82
526 _aP62
526 _aP59
526 _aP58
526 _aP57
526 _aP51
526 _aP49
526 _aP48
526 _aP47
526 _aP29
526 _aP24
526 _aP20
526 _aP19
526 _aP17
526 _aP15
526 _aP14
526 _aP12
526 _aP10
526 _aP09
526 _aP08
526 _aP07
526 _aP06
526 _aP05
526 _aP04
526 _aP01
541 _g001-000063;
650 0 4 _aCultura de la organización
_zIndia .
650 0 4 _aEmpresas
_zIndia.
650 0 4 _aIndustria
_zIndia.
650 0 4 _aCaracterísticas nacionales
_zIndia.
650 0 4 _aComunicación interétnica
_zIndia.
650 0 4 _aEtiqueta en los negocios
_zIndia.
650 0 4 _aNegociación en las empresas
_zIndia.
700 1 _aSethi, Anand Kumar,
_ecoaut .
910 _agl
_cng
_d20131011
942 _2ddc
_cBOOK
949 _a395.520954 K94
_wDEWEY
_c1
_i68653
_lCCODEBUL1
_mBUL
_p14.00
_r0
_sY
_tBOOK
_u2015-7-6
_xFCE
_PP47
_o.STAFF. Colección General
994 _aC0
_bPEPRU
596 _a1
999 _a395.520954 K94
_wDEWEY
_c55932
_i68653
_f2021-11-5
_g6
_lCCODEBUL1
_mBUL
_p14.00
_r0
_sN
_tBOOK
_u2015-7-6
_xBIBLIOTECA
_PP47
_o.STAFF. Colección General
_d55932
980 _81
_gALBERTO SANCHEZ Responsable de Automatización